First level subdivisions of USA, Canada & Mexico - Statistics

General Stats
  • This quiz has been taken 120 times
  • The average score is 77 of 94
Answer Stats
Group % Correct
G2 Quebec
95%
G1 Alabama
94%
G1 Arizona
94%
G1 California
94%
G1 New Mexico
94%
G2 Ontario
94%
G1 Oregon
94%
G1 Alaska
92%
G1 Arkansas
92%
G1 Connecticut
92%
G1 Georgia
92%
G1 Illinois
92%
G1 Maryland
92%
G1 Minnesota
92%
G1 New Jersey
92%
G1 North Carolina
92%
G1 North Dakota
92%
G1 Oklahoma
92%
G1 South Carolina
92%
G1 South Dakota
92%
G1 Texas
92%
G1 Washington
92%
G1 West Virginia
92%
G2 Alberta
91%
G2 British Columbia
91%
G1 Colorado
91%
G1 Delaware
91%
G1 Florida
91%
G1 Kansas
91%
G1 Kentucky
91%
G1 Louisiana
91%
G1 Maine
91%
G1 Mississippi
91%
G1 Montana
91%
G1 Nevada
91%
G1 New York
91%
G1 Ohio
91%
G1 Hawaii
90%
G1 Idaho
90%
G1 Indiana
90%
G1 Iowa
90%
G1 Massachusetts
90%
G1 Michigan
90%
G1 Nebraska
90%
G2 Newfoundland and Labrador
90%
G1 New Hampshire
90%
G1 Pennsylvania
90%
G1 Tennessee
90%
G1 Utah
90%
G1 Vermont
90%
G1 Virginia
90%
G1 Wyoming
90%
G2 Saskatchewan
88%
G1 Missouri
86%
G2 Northwest Territories
86%
G1 Wisconsin
86%
G2 Manitoba
83%
G3 México
83%
G1 Rhode Island
83%
G2 Yukon
83%
G2 Nova Scotia
82%
G2 Prince Edward Island
82%
G2 New Brunswick
81%
G2 Nunavut
81%
G3 Baja California
78%
G3 Chihuahua
78%
G3 Sonora
71%
G3 Yucatán
71%
G3 Oaxaca
69%
G3 Veracruz
68%
G3 Baja California Sur
67%
G3 Jalisco
67%
G3 Chiapas
65%
G3 Michoacán
65%
G3 Puebla
65%
G3 Durango
64%
G3 Guerrero
64%
G3 Aguascalientes
63%
G3 Campeche
63%
G3 Tamaulipas
63%
G3 Zacatecas
63%
G3 Coahuila
62%
G3 Colima
62%
G3 Nayarit
62%
G3 Quintana Roo
62%
G3 San Luis Potosí
62%
G3 Sinaloa
62%
G3 Tabasco
62%
G3 Nuevo León
60%
G3 Tlaxcala
60%
G3 Hidalgo
59%
G3 Morelos
59%
G3 Querétaro
58%
G3 Guanajuato
56%
No matching quizzes found
Score Distribution
Percent of People with Each Score
Percentile by Number Answered
Your Score History
You have not taken this quiz